00301 a2200109 4500001001000000005001700010008004100027245002600068100002200094773005800116999001700174ART_1117920260410161855.0260409a 10aTiempo de inflación1 aSennholz, Hans F.0 tRevista de Economíag- Nº 36 (mar. 1983)wREV11077 c25375d25375